[Event "Blitz 2018"]
[Site "Saint-Petersburg"]
[Date "2018.12.30"]
[Round "16"]
[Board "47"]
[White "Al-Sayed Mohammed (QAT)"]
[Black "Khismatullin Denis (RUS)"]
[Result "1-0"]
[LiveChessVersion "1.4.8"]
[BlackElo "2674"]
[WhiteElo "2547"]

1. d4 {[%clk 0:03:03]} d6 2. e4 {[%clk 0:03:00]} Nf6 {[%clk 0:03:04]} 3. Nc3
{[%clk 0:03:01]} e5 {[%clk 0:03:05]} 4. Nf3 {[%clk 0:03:01]} Nbd7
{[%clk 0:03:06]} 5. Bc4 {[%clk 0:02:57]} Be7 {[%clk 0:03:07]} 6. a4
{[%clk 0:02:56]} O-O {[%clk 0:03:07]} 7. O-O {[%clk 0:02:52]} c6 {[%clk 0:03:07]}
8. b3 {[%clk 0:02:36]} exd4 {[%clk 0:02:09]} 9. Nxd4 {[%clk 0:02:35]} Ne5
{[%clk 0:02:09]} 10. Be2 {[%clk 0:02:30]} Re8 {[%clk 0:02:11]} 11. h3
{[%clk 0:02:16]} Bd7 {[%clk 0:02:11]} 12. Be3 {[%clk 0:02:12]} Qc7
{[%clk 0:02:07]} 13. Qd2 {[%clk 0:02:05]} b6 {[%clk 0:02:06]} 14. Rad1
{[%clk 0:01:55]} a6 {[%clk 0:02:06]} 15. Nf3 {[%clk 0:01:44]} Ng6
{[%clk 0:02:01]} 16. a5 {[%clk 0:01:29]} b5 {[%clk 0:01:56]} 17. Bb6
{[%clk 0:01:29]} Qb7 {[%clk 0:01:51]} 18. Rfe1 {[%clk 0:01:18]} b4
{[%clk 0:01:13]} 19. Na4 {[%clk 0:00:57]} Nxe4 {[%clk 0:00:28]} 20. Qxb4
{[%clk 0:00:58]} c5 {[%clk 0:00:29]} 21. Bxa6 {[%clk 0:00:46]} Rxa6
{[%clk 0:00:17]} 22. Qxe4 {[%clk 0:00:47]} Bc6 {[%clk 0:00:18]} 23. Qf5
{[%clk 0:00:40]} Raa8 {[%clk 0:00:17]} 24. Nc3 {[%clk 0:00:34]} Bf8
{[%clk 0:00:16]} 25. Rxe8 {[%clk 0:00:20]} Rxe8 {[%clk 0:00:17]} 26. Nd5
{[%clk 0:00:20]} Bd7 {[%clk 0:00:04]} 27. Qd3 {[%clk 0:00:16]} Bc6
{[%clk 0:00:05]} 28. c4 {[%clk 0:00:14]} h6 {[%clk 0:00:05]} 29. Re1
{[%clk 0:00:13]} Rxe1+ {[%clk 0:00:05]} 30. Nxe1 {[%clk 0:00:14]} Ne5
{[%clk 0:00:06]} 31. Qd1 {[%clk 0:00:13]} Nd7 {[%clk 0:00:07]} 32. Bd8
{[%clk 0:00:06]} Ne5 {[%clk 0:00:06]} 33. Nc2 {[%clk 0:00:05]} Qb8
{[%clk 0:00:05]} 34. Bc7 {[%clk 0:00:05]} Qa7 {[%clk 0:00:06]} 35. Bb6
{[%clk 0:00:06]} Qb7 {[%clk 0:00:07]} 36. Nce3 {[%clk 0:00:07]} g6
{[%clk 0:00:07]} 37. f4 {[%clk 0:00:07]} Nd7 {[%clk 0:00:09]} 38. Qa1
{[%clk 0:00:05]} Bg7 {[%clk 0:00:09]} 39. Qa2 {[%clk 0:00:06]} Bd4
{[%clk 0:00:08]} 40. Kh2 {[%clk 0:00:05]} Qa8 {[%clk 0:00:07]} 41. Ne7+
{[%clk 0:00:05]} Kf8 {[%clk 0:00:07]} 42. Nxc6 {[%clk 0:00:06]} Qxc6
{[%clk 0:00:08]} 43. Nd5 {[%clk 0:00:07]} Nf6 {[%clk 0:00:07]} 44. a6
{[%clk 0:00:08]} Nxd5 {[%clk 0:00:05]} 45. cxd5 {[%clk 0:00:07]} Qxb6
{[%clk 0:00:04]} 46. a7 {[%clk 0:00:08]} c4 {[%clk 0:00:04]} 47. a8=Q+
{[%clk 0:00:08]} Kg7 {[%clk 0:00:05]} 48. bxc4 {[%clk 0:00:05]} Bg1+
{[%clk 0:00:04]} 49. Kh1 {[%clk 0:00:06]} Bd4 {[%clk 0:00:04]} 50. Q8a5
{[%clk 0:00:04]} 1-0

[Event "Blitz 2018"]
[Site "Saint-Petersburg"]
[Date "2018.12.30"]
[Round "16"]
[Board "48"]
[White "Jumabayev Rinat (KAZ)"]
[Black "Alekseenko Kirill (RUS)"]
[Result "0-1"]
[LiveChessVersion "1.4.8"]
[BlackElo "2665"]
[WhiteElo "2554"]

1. e4 {[%clk 0:03:04]} c5 {[%clk 0:03:03]} 2. Nf3 {[%clk 0:03:05]} Nc6
{[%clk 0:03:05]} 3. Bb5 {[%clk 0:03:04]} g6 {[%clk 0:03:06]} 4. O-O
{[%clk 0:03:00]} Bg7 {[%clk 0:03:07]} 5. c3 {[%clk 0:03:01]} Nf6 {[%clk 0:03:06]}
6. Re1 {[%clk 0:03:02]} O-O {[%clk 0:03:05]} 7. h3 {[%clk 0:03:03]} d5
{[%clk 0:02:44]} 8. e5 {[%clk 0:02:58]} Ne8 {[%clk 0:02:45]} 9. d3
{[%clk 0:02:26]} Nc7 {[%clk 0:02:46]} 10. Bxc6 {[%clk 0:02:25]} bxc6
{[%clk 0:02:47]} 11. Be3 {[%clk 0:02:21]} Ne6 {[%clk 0:02:45]} 12. Qc1
{[%clk 0:02:22]} Rb8 {[%clk 0:02:35]} 13. b3 {[%clk 0:02:23]} a5 {[%clk 0:02:27]}
14. Bh6 {[%clk 0:02:19]} a4 {[%clk 0:02:28]} 15. Bxg7 {[%clk 0:02:20]} Kxg7
{[%clk 0:02:28]} 16. Ng5 {[%clk 0:01:09]} axb3 {[%clk 0:02:21]} 17. axb3
{[%clk 0:01:10]} Rxb3 {[%clk 0:02:21]} 18. Nd2 {[%clk 0:01:06]} Rb7
{[%clk 0:02:16]} 19. Nxe6+ {[%clk 0:00:59]} Bxe6 {[%clk 0:02:17]} 20. Ra6
{[%clk 0:01:00]} Qc7 {[%clk 0:02:15]} 21. Qa3 {[%clk 0:01:00]} c4
{[%clk 0:01:42]} 22. dxc4 {[%clk 0:00:46]} dxc4 {[%clk 0:01:43]} 23. Ne4
{[%clk 0:00:26]} Qxe5 {[%clk 0:01:39]} 24. Qc1 {[%clk 0:00:17]} Qb5
{[%clk 0:01:35]} 25. Ra2 {[%clk 0:00:15]} Bd5 {[%clk 0:01:35]} 26. Ng3
{[%clk 0:00:11]} Qc5 {[%clk 0:01:36]} 27. Rae2 {[%clk 0:00:11]} f6
{[%clk 0:01:25]} 28. Kh2 {[%clk 0:00:08]} Qd6 {[%clk 0:01:24]} 29. f4
{[%clk 0:00:09]} e6 {[%clk 0:01:16]} 30. Qe3 {[%clk 0:00:09]} Rfb8
{[%clk 0:01:16]} 31. Qd4 {[%clk 0:00:09]} c5 {[%clk 0:01:17]} 32. Qf2
{[%clk 0:00:11]} Rb1 {[%clk 0:01:16]} 33. Rxb1 {[%clk 0:00:08]} Rxb1
{[%clk 0:01:17]} 34. Ra2 {[%clk 0:00:09]} h5 {[%clk 0:01:14]} 35. Ra7+
{[%clk 0:00:06]} Rb7 {[%clk 0:01:15]} 36. Ra5 {[%clk 0:00:06]} Rb3
{[%clk 0:01:06]} 37. Ra7+ {[%clk 0:00:07]} Rb7 {[%clk 0:00:56]} 38. Ra5
{[%clk 0:00:08]} Rc7 {[%clk 0:00:48]} 39. Kg1 {[%clk 0:00:06]} Bb7
{[%clk 0:00:48]} 40. Nf1 {[%clk 0:00:07]} Be4 {[%clk 0:00:42]} 41. Ne3
{[%clk 0:00:08]} Bd3 {[%clk 0:00:38]} 42. Qf3 {[%clk 0:00:07]} Qc6
{[%clk 0:00:35]} 43. Qf2 {[%clk 0:00:07]} Rb7 {[%clk 0:00:37]} 44. Kh2
{[%clk 0:00:07]} Qc7 {[%clk 0:00:38]} 45. Ra6 {[%clk 0:00:08]} Rb6
{[%clk 0:00:37]} 46. Ra8 {[%clk 0:00:07]} g5 {[%clk 0:00:33]} 47. g3
{[%clk 0:00:08]} Qb7 {[%clk 0:00:34]} 48. Ra2 {[%clk 0:00:08]} Rb1
{[%clk 0:00:35]} 49. Ng2 {[%clk 0:00:06]} g4 {[%clk 0:00:28]} 50. hxg4
{[%clk 0:00:05]} hxg4 {[%clk 0:00:30]} 51. Qxc5 {[%clk 0:00:05]} Kg6
{[%clk 0:00:31]} 52. f5+ {[%clk 0:00:06]} Bxf5 {[%clk 0:00:19]} 53. Qf8
{[%clk 0:00:06]} Be4 {[%clk 0:00:13]} 54. Nh4+ {[%clk 0:00:04]} Kh7
{[%clk 0:00:12]} 55. Ng2 {[%clk 0:00:03]} Bxg2 {[%clk 0:00:10]} 56. Rxg2
{[%clk 0:00:04]} Qg7 {[%clk 0:00:11]} 57. Qxg7+ Kxg7 {[%clk 0:00:12]} 58. Re2
{[%clk 0:00:04]} Rc1 {[%clk 0:00:06]} 59. Rxe6 {[%clk 0:00:04]} Rc2+
{[%clk 0:00:07]} 60. Kg1 {[%clk 0:00:05]} Rxc3 {[%clk 0:00:08]} 61. Kg2
{[%clk 0:00:06]} Rc2+ {[%clk 0:00:09]} 62. Kf1 {[%clk 0:00:08]} Kg6
{[%clk 0:00:10]} 63. Re4 {[%clk 0:00:09]} f5 {[%clk 0:00:10]} 64. Re6+
{[%clk 0:00:10]} Kg5 {[%clk 0:00:12]} 65. Rc6 {[%clk 0:00:12]} c3
{[%clk 0:00:12]} 66. Kg1 {[%clk 0:00:11]} Rc1+ {[%clk 0:00:12]} 67. Kg2
{[%clk 0:00:13]} Kh5 {[%clk 0:00:10]} 68. Kh2 {[%clk 0:00:12]} Rc2+
{[%clk 0:00:11]} 69. Kg1 {[%clk 0:00:13]} Kg5 {[%clk 0:00:11]} 70. Kf1
{[%clk 0:00:14]} f4 {[%clk 0:00:04]} 71. Rc5+ {[%clk 0:00:15]} Kf6
{[%clk 0:00:06]} 72. gxf4 Ke6 73. f5+ {[%clk 0:00:13]} Kf6 {[%clk 0:00:09]} 74.
Kg1 {[%clk 0:00:15]} g3 {[%clk 0:00:10]} 75. Kf1 {[%clk 0:00:15]} Rf2+
{[%clk 0:00:11]} 76. Kg1 {[%clk 0:00:17]} c2 {[%clk 0:00:12]} 0-1

[Event "Blitz 2018"]
[Site "Saint-Petersburg"]
[Date "2018.12.30"]
[Round "16"]
[Board "49"]
[White "Tukhaev Adam (UKR)"]
[Black "Sargissian Gabriel (ARM)"]
[Result "0-1"]
[LiveChessVersion "1.4.8"]
[BlackElo "2651"]
[WhiteElo "2529"]

1. e4 {[%clk 0:03:02]} e5 {[%clk 0:03:04]} 2. Nf3 {[%clk 0:03:03]} Nc6
{[%clk 0:03:04]} 3. Bb5 {[%clk 0:03:03]} Nf6 {[%clk 0:03:05]} 4. d3
{[%clk 0:03:01]} Bc5 {[%clk 0:03:06]} 5. c3 {[%clk 0:03:02]} d6 {[%clk 0:03:06]}
6. O-O {[%clk 0:02:59]} O-O {[%clk 0:03:05]} 7. Nbd2 {[%clk 0:03:00]} Ne7
{[%clk 0:02:57]} 8. Re1 {[%clk 0:02:45]} Ng6 {[%clk 0:02:53]} 9. h3
{[%clk 0:02:31]} c6 {[%clk 0:02:51]} 10. Ba4 {[%clk 0:02:33]} Bb6
{[%clk 0:02:52]} 11. Nf1 {[%clk 0:02:20]} Nh5 {[%clk 0:02:20]} 12. d4
{[%clk 0:02:20]} Nhf4 {[%clk 0:02:19]} 13. Ng3 {[%clk 0:02:06]} Qf6
{[%clk 0:02:20]} 14. Be3 {[%clk 0:01:54]} Be6 {[%clk 0:02:18]} 15. Bb3
{[%clk 0:01:49]} Rad8 {[%clk 0:02:17]} 16. Kh2 {[%clk 0:01:26]} h6
{[%clk 0:02:17]} 17. Rh1 {[%clk 0:00:46]} Rfe8 {[%clk 0:02:15]} 18. Bxe6
{[%clk 0:00:40]} fxe6 {[%clk 0:02:13]} 19. Bxf4 {[%clk 0:00:28]} Nxf4
{[%clk 0:02:13]} 20. Ne2 {[%clk 0:00:29]} Rf8 {[%clk 0:02:12]} 21. Ng3
{[%clk 0:00:15]} exd4 {[%clk 0:02:06]} 22. cxd4 {[%clk 0:00:16]} d5
{[%clk 0:02:07]} 23. e5 {[%clk 0:00:17]} Qg6 {[%clk 0:02:05]} 24. Re1
{[%clk 0:00:17]} Rf7 {[%clk 0:01:47]} 25. b4 {[%clk 0:00:12]} Rdf8
{[%clk 0:01:46]} 26. Re3 {[%clk 0:00:13]} h5 {[%clk 0:01:27]} 27. Qb1
{[%clk 0:00:14]} Qh6 {[%clk 0:01:28]} 28. a4 {[%clk 0:00:08]} g5 {[%clk 0:01:26]}
29. h4 {[%clk 0:00:05]} gxh4 {[%clk 0:01:21]} 30. Nxh4 {[%clk 0:00:06]} Bd8
{[%clk 0:01:18]} 31. Nf3 {[%clk 0:00:06]} h4 {[%clk 0:01:18]} 32. Nf1
{[%clk 0:00:07]} h3 {[%clk 0:01:17]} 33. g3 {[%clk 0:00:07]} Ng2 {[%clk 0:01:17]}
0-1

[Event "Blitz 2018"]
[Site "Saint-Petersburg"]
[Date "2018.12.30"]
[Round "16"]
[Board "50"]
[White "Alekseev Evgeny (RUS)"]
[Black "Khanin Semen (RUS)"]
[Result "0-1"]
[LiveChessVersion "1.4.8"]
[BlackElo "2564"]
[WhiteElo "2634"]

1. e4 {[%clk 0:03:03]} e5 {[%clk 0:03:02]} 2. Nf3 {[%clk 0:03:04]} Nc6
{[%clk 0:03:03]} 3. Bb5 {[%clk 0:03:04]} a6 {[%clk 0:03:04]} 4. Ba4
{[%clk 0:03:05]} b5 {[%clk 0:03:05]} 5. Bb3 {[%clk 0:03:06]} g6 {[%clk 0:03:05]}
6. d3 {[%clk 0:02:53]} Bg7 {[%clk 0:03:02]} 7. c3 {[%clk 0:02:54]} Nf6
{[%clk 0:02:58]} 8. O-O {[%clk 0:02:49]} O-O {[%clk 0:02:59]} 9. h3
{[%clk 0:02:39]} d6 {[%clk 0:02:56]} 10. Be3 {[%clk 0:02:36]} Bb7
{[%clk 0:02:51]} 11. Nbd2 {[%clk 0:02:35]} Na5 {[%clk 0:02:51]} 12. Bc2
{[%clk 0:02:36]} c5 {[%clk 0:02:52]} 13. a3 {[%clk 0:02:32]} Nc6 {[%clk 0:02:32]}
14. b4 {[%clk 0:02:31]} Qe7 {[%clk 0:02:29]} 15. Re1 {[%clk 0:02:25]} Rac8
{[%clk 0:02:16]} 16. Qb1 {[%clk 0:02:19]} Nh5 {[%clk 0:02:12]} 17. Bb3
{[%clk 0:02:16]} h6 {[%clk 0:02:08]} 18. Bd5 {[%clk 0:02:10]} Nf6
{[%clk 0:02:07]} 19. Ba2 {[%clk 0:01:58]} Kh7 {[%clk 0:02:05]} 20. Nf1
{[%clk 0:01:47]} Nh5 {[%clk 0:02:04]} 21. Bd5 {[%clk 0:01:28]} Nf6
{[%clk 0:01:59]} 22. Ba2 {[%clk 0:01:22]} Nh5 {[%clk 0:02:00]} 23. Bd5
{[%clk 0:01:23]} Nf6 {[%clk 0:01:47]} 24. Bb3 {[%clk 0:01:19]} Nh5
{[%clk 0:01:45]} 25. Bd5 {[%clk 0:01:17]} Nf6 {[%clk 0:01:20]} 26. bxc5
{[%clk 0:01:18]} dxc5 {[%clk 0:01:16]} 27. c4 {[%clk 0:01:19]} bxc4
{[%clk 0:00:30]} 28. dxc4 {[%clk 0:01:15]} Nxd5 {[%clk 0:00:29]} 29. exd5
{[%clk 0:01:02]} Nd4 {[%clk 0:00:30]} 30. N1d2 {[%clk 0:00:34]} Nxf3+ 31. Nxf3
{[%clk 0:00:35]} e4 {[%clk 0:00:29]} 32. Bf4 {[%clk 0:00:29]} Bxa1
{[%clk 0:00:15]} 33. Qxa1 {[%clk 0:00:30]} f5 {[%clk 0:00:09]} 34. Ne5
{[%clk 0:00:31]} g5 {[%clk 0:00:09]} 35. Bd2 {[%clk 0:00:31]} Rfe8
{[%clk 0:00:06]} 36. Bc3 {[%clk 0:00:32]} Ba8 {[%clk 0:00:07]} 37. g4
{[%clk 0:00:27]} Qf8 {[%clk 0:00:08]} 38. Qc1 {[%clk 0:00:20]} Rxe5
{[%clk 0:00:05]} 39. Bxe5 {[%clk 0:00:21]} Re8 {[%clk 0:00:06]} 40. Qb2
{[%clk 0:00:19]} Qf7 {[%clk 0:00:06]} 41. Bc3 {[%clk 0:00:14]} fxg4
{[%clk 0:00:07]} 42. hxg4 {[%clk 0:00:09]} Qf3 {[%clk 0:00:06]} 43. Be5
{[%clk 0:00:06]} Qxg4+ {[%clk 0:00:07]} 44. Bg3 {[%clk 0:00:07]} h5
{[%clk 0:00:07]} 45. Kh2 {[%clk 0:00:07]} h4 {[%clk 0:00:08]} 46. Bc7
{[%clk 0:00:07]} Qf5 {[%clk 0:00:08]} 47. Rg1 {[%clk 0:00:07]} Re7
{[%clk 0:00:08]} 48. Bd6 {[%clk 0:00:08]} Rf7 {[%clk 0:00:10]} 49. Rg2
{[%clk 0:00:08]} g4 {[%clk 0:00:11]} 50. Qb8 {[%clk 0:00:07]} h3 {[%clk 0:00:11]}
51. Be5 {[%clk 0:00:08]} hxg2 {[%clk 0:00:10]} 52. Qh8+ {[%clk 0:00:09]} Kg6
{[%clk 0:00:11]} 53. Qg8+ {[%clk 0:00:10]} Kh5 {[%clk 0:00:12]} 54. Qh8+
{[%clk 0:00:11]} Qh7 {[%clk 0:00:12]} 0-1

[Event "Blitz 2018"]
[Site "Saint-Petersburg"]
[Date "2018.12.30"]
[Round "16"]
[Board "51"]
[White "Geller Jakov (RUS)"]
[Black "Anton Guijarro David (ESP)"]
[Result "0-1"]
[LiveChessVersion "1.4.8"]
[BlackElo "2631"]
[WhiteElo "2528"]

1. e4 {[%clk 0:03:03]} e5 {[%clk 0:03:03]} 2. Nf3 {[%clk 0:03:03]} Nc6
{[%clk 0:03:03]} 3. Bc4 {[%clk 0:03:04]} Bc5 {[%clk 0:03:04]} 4. d3
{[%clk 0:03:05]} Nf6 {[%clk 0:03:04]} 5. O-O {[%clk 0:03:05]} h6 {[%clk 0:03:03]}
6. c3 {[%clk 0:03:00]} d6 {[%clk 0:03:04]} 7. Re1 {[%clk 0:02:51]} a5
{[%clk 0:03:03]} 8. a4 {[%clk 0:02:52]} O-O {[%clk 0:03:02]} 9. h3
{[%clk 0:02:51]} Be6 {[%clk 0:03:01]} 10. Nbd2 {[%clk 0:02:51]} Bxc4
{[%clk 0:02:54]} 11. Nxc4 {[%clk 0:02:51]} Re8 {[%clk 0:02:53]} 12. Be3
{[%clk 0:02:47]} Bxe3 {[%clk 0:02:52]} 13. Nxe3 {[%clk 0:02:48]} Qd7
{[%clk 0:02:52]} 14. Nh4 {[%clk 0:02:37]} g6 {[%clk 0:02:49]} 15. Qb3
{[%clk 0:02:29]} Kg7 {[%clk 0:02:44]} 16. Nf3 {[%clk 0:02:27]} b6
{[%clk 0:02:43]} 17. Rad1 {[%clk 0:02:27]} Rad8 {[%clk 0:02:43]} 18. Nd5
{[%clk 0:02:18]} Nxd5 {[%clk 0:02:29]} 19. Qxd5 {[%clk 0:02:17]} Ne7
{[%clk 0:02:16]} 20. Qc4 {[%clk 0:02:17]} Qc6 {[%clk 0:02:15]} 21. Nd2
{[%clk 0:02:16]} Qxc4 {[%clk 0:02:09]} 22. Nxc4 {[%clk 0:02:17]} f5
{[%clk 0:02:02]} 23. f3 {[%clk 0:02:09]} Nc6 {[%clk 0:02:00]} 24. Ne3
{[%clk 0:01:55]} Ne7 {[%clk 0:02:01]} 25. Kf2 {[%clk 0:01:56]} Kf6
{[%clk 0:01:56]} 26. Nc4 {[%clk 0:01:53]} Nc6 {[%clk 0:01:40]} 27. Na3
{[%clk 0:01:46]} Rd7 {[%clk 0:01:40]} 28. Nb5 {[%clk 0:01:47]} Rde7
{[%clk 0:01:36]} 29. g3 {[%clk 0:01:29]} h5 {[%clk 0:01:35]} 30. h4
{[%clk 0:01:30]} Nd8 {[%clk 0:01:35]} 31. exf5 {[%clk 0:01:13]} gxf5
{[%clk 0:01:36]} 32. d4 {[%clk 0:01:14]} Nc6 {[%clk 0:01:06]} 33. d5
{[%clk 0:01:09]} Nb8 {[%clk 0:01:06]} 34. b4 {[%clk 0:01:11]} Na6
{[%clk 0:01:06]} 35. Rb1 {[%clk 0:01:08]} Rg8 {[%clk 0:01:02]} 36. Na3
{[%clk 0:01:05]} Reg7 {[%clk 0:00:59]} 37. Rg1 {[%clk 0:00:52]} axb4
{[%clk 0:00:53]} 38. cxb4 {[%clk 0:00:52]} f4 {[%clk 0:00:54]} 39. a5
{[%clk 0:00:42]} bxa5 {[%clk 0:00:51]} 40. bxa5 {[%clk 0:00:42]} Rxg3
{[%clk 0:00:46]} 41. Rxg3 {[%clk 0:00:42]} fxg3+ {[%clk 0:00:47]} 42. Kg2
{[%clk 0:00:43]} Nc5 {[%clk 0:00:47]} 43. Nc4 {[%clk 0:00:31]} Nd3
{[%clk 0:00:48]} 44. a6 {[%clk 0:00:22]} Nf4+ {[%clk 0:00:47]} 45. Kg1
{[%clk 0:00:22]} g2 {[%clk 0:00:35]} 46. a7 {[%clk 0:00:14]} Nh3+
{[%clk 0:00:33]} 47. Kh2 {[%clk 0:00:15]} g1=Q+ {[%clk 0:00:32]} 0-1

[Event "Blitz 2018"]
[Site "Saint-Petersburg"]
[Date "2018.12.30"]
[Round "16"]
[Board "52"]
[White "Paravyan David (RUS)"]
[Black "Vokhidov Shamsiddin (UZB)"]
[Result "1/2-1/2"]
[LiveChessVersion "1.4.8"]
[BlackElo "2414"]
[WhiteElo "2629"]

1. f4 {[%clk 0:03:00]} d5 {[%clk 0:03:03]} 2. Nf3 {[%clk 0:03:01]} g6
{[%clk 0:03:05]} 3. g3 {[%clk 0:03:03]} Bg7 4. Bg2 Nh6 {[%clk 0:03:07]} 5. O-O
{[%clk 0:03:03]} Nf5 {[%clk 0:03:08]} 6. e3 {[%clk 0:02:49]} c5 {[%clk 0:03:05]}
7. d3 {[%clk 0:02:50]} O-O {[%clk 0:02:58]} 8. c3 {[%clk 0:02:48]} Nd6
{[%clk 0:02:50]} 9. Qe2 {[%clk 0:02:47]} Nc6 {[%clk 0:02:45]} 10. e4
{[%clk 0:02:48]} dxe4 {[%clk 0:02:45]} 11. dxe4 {[%clk 0:02:49]} e5
{[%clk 0:02:46]} 12. Na3 {[%clk 0:02:46]} Qe7 {[%clk 0:02:45]} 13. Re1
{[%clk 0:02:30]} Re8 {[%clk 0:02:45]} 14. Nc2 {[%clk 0:02:28]} exf4
{[%clk 0:02:36]} 15. Bxf4 {[%clk 0:02:29]} Be6 {[%clk 0:02:09]} 16. Rad1
{[%clk 0:02:11]} Rad8 {[%clk 0:02:11]} 17. Bg5 {[%clk 0:01:23]} f6
{[%clk 0:02:12]} 18. Bf4 {[%clk 0:01:24]} Bxa2 {[%clk 0:02:01]} 19. Ne3
{[%clk 0:01:25]} Nxe4 20. Rxd8 {[%clk 0:01:22]} Qxd8 {[%clk 0:01:53]} 21. Qb5
{[%clk 0:01:17]} Qb6 {[%clk 0:01:45]} 22. Qa4 {[%clk 0:01:14]} Bb3
{[%clk 0:01:44]} 23. Qa3 {[%clk 0:00:54]} g5 {[%clk 0:01:43]} 24. Bc7
{[%clk 0:00:54]} Qxc7 {[%clk 0:01:42]} 25. Qxb3+ {[%clk 0:00:55]} Qf7
{[%clk 0:01:42]} 26. Qxf7+ {[%clk 0:00:52]} Kxf7 {[%clk 0:01:43]} 27. Nf5
{[%clk 0:00:54]} Bf8 {[%clk 0:01:44]} 28. Rxe4 {[%clk 0:00:39]} Rxe4
{[%clk 0:01:45]} 29. Nxg5+ {[%clk 0:00:40]} fxg5 {[%clk 0:01:46]} 30. Bxe4
{[%clk 0:00:41]} Na5 {[%clk 0:01:35]} 31. Kf2 {[%clk 0:00:40]} b5
{[%clk 0:01:33]} 32. Ke2 {[%clk 0:00:33]} Nc4 {[%clk 0:01:30]} 33. Bd5+
{[%clk 0:00:29]} Kf6 {[%clk 0:01:30]} 34. Bxc4 {[%clk 0:00:30]} Kxf5
{[%clk 0:01:03]} 35. Bxb5 {[%clk 0:00:31]} h5 {[%clk 0:00:59]} 36. Kf3
{[%clk 0:00:29]} h4 {[%clk 0:00:58]} 37. Bd3+ {[%clk 0:00:25]} Ke5
{[%clk 0:00:58]} 38. gxh4 {[%clk 0:00:14]} gxh4 {[%clk 0:00:59]} 39. Kg4
{[%clk 0:00:15]} Be7 {[%clk 0:00:56]} 40. b4 {[%clk 0:00:12]} Kd5
{[%clk 0:00:49]} 41. Be2 {[%clk 0:00:10]} Bf6 {[%clk 0:00:43]} 42. Ba6
{[%clk 0:00:08]} Bxc3 {[%clk 0:00:41]} 43. bxc5 {[%clk 0:00:09]} Be1
{[%clk 0:00:39]} 44. Kf3 {[%clk 0:00:08]} Kxc5 {[%clk 0:00:40]} 45. Kg2
{[%clk 0:00:08]} Kb6 {[%clk 0:00:37]} 46. Bc4 {[%clk 0:00:08]} a5
{[%clk 0:00:38]} 47. Bg8 {[%clk 0:00:09]} a4 {[%clk 0:00:37]} 48. Bf7
{[%clk 0:00:10]} Kc5 {[%clk 0:00:36]} 49. Bg8 {[%clk 0:00:11]} a3
{[%clk 0:00:33]} 50. Bf7 {[%clk 0:00:12]} Bc3 {[%clk 0:00:30]} 51. Bg8
{[%clk 0:00:13]} Be5 {[%clk 0:00:30]} 52. Bf7 {[%clk 0:00:14]} Kb4
{[%clk 0:00:25]} 53. Bg8 {[%clk 0:00:15]} Kc3 {[%clk 0:00:23]} 54. Bf7
{[%clk 0:00:16]} Kb2 {[%clk 0:00:20]} 55. Bg8 {[%clk 0:00:17]} a2
{[%clk 0:00:21]} 56. Bxa2 {[%clk 0:00:18]} Kxa2 {[%clk 0:00:22]} 57. Kg1
{[%clk 0:00:12]} Kb3 {[%clk 0:00:21]} 58. Kh1 {[%clk 0:00:14]} Kc4
{[%clk 0:00:22]} 59. Kg2 {[%clk 0:00:15]} Kd3 {[%clk 0:00:22]} 60. h3
{[%clk 0:00:09]} Ke3 {[%clk 0:00:16]} 61. Kh1 {[%clk 0:00:10]} Kf3
{[%clk 0:00:15]} 62. Kg1 {[%clk 0:00:11]} Kg3 {[%clk 0:00:11]} 63. Kh1
{[%clk 0:00:13]} Kxh3 64. Kg1 Kg3 {[%clk 0:00:11]} 65. Kh1 {[%clk 0:00:16]} h3
{[%clk 0:00:09]} 66. Kg1 {[%clk 0:00:17]} h2+ {[%clk 0:00:05]} 67. Kh1
{[%clk 0:00:18]} Kh3 1/2-1/2

[Event "Blitz 2018"]
[Site "Saint-Petersburg"]
[Date "2018.12.30"]
[Round "16"]
[Board "53"]
[White "Rakhmanov Aleksandr (RUS)"]
[Black "Frolyanov Dmitry (RUS)"]
[Result "1/2-1/2"]
[LiveChessVersion "1.4.8"]
[BlackElo "2557"]
[WhiteElo "2615"]

1. c4 {[%clk 0:03:02]} Nf6 {[%clk 0:03:03]} 2. Nc3 {[%clk 0:03:03]} e5
{[%clk 0:03:04]} 3. e3 {[%clk 0:03:04]} Nc6 {[%clk 0:03:03]} 4. d4
{[%clk 0:02:56]} Bb4 {[%clk 0:02:47]} 5. Nge2 {[%clk 0:02:57]} exd4
{[%clk 0:02:43]} 6. exd4 {[%clk 0:02:58]} O-O {[%clk 0:02:40]} 7. a3
{[%clk 0:02:59]} Bxc3+ {[%clk 0:02:38]} 8. Nxc3 {[%clk 0:03:00]} d5
{[%clk 0:02:34]} 9. cxd5 {[%clk 0:02:51]} Nxd5 {[%clk 0:02:33]} 10. Be2
{[%clk 0:02:52]} Be6 {[%clk 0:01:58]} 11. O-O {[%clk 0:02:52]} Re8
{[%clk 0:01:51]} 12. Ne4 {[%clk 0:02:32]} Bf5 {[%clk 0:01:23]} 13. Bg5
{[%clk 0:02:05]} f6 {[%clk 0:01:13]} 14. Ng3 {[%clk 0:02:06]} fxg5
{[%clk 0:01:06]} 15. Nxf5 {[%clk 0:02:07]} Qf6 {[%clk 0:01:06]} 16. Ne3
{[%clk 0:01:42]} Nf4 {[%clk 0:01:05]} 17. d5 {[%clk 0:01:32]} Nd4
{[%clk 0:01:05]} 18. Bd3 {[%clk 0:01:29]} Kh8 {[%clk 0:01:01]} 19. Rc1
{[%clk 0:01:31]} Re7 {[%clk 0:00:55]} 20. Rc4 {[%clk 0:01:31]} Rae8
{[%clk 0:00:48]} 21. Kh1 {[%clk 0:01:09]} b5 {[%clk 0:00:34]} 22. Rc1
{[%clk 0:01:07]} a6 {[%clk 0:00:35]} 23. b4 {[%clk 0:01:06]} h6 {[%clk 0:00:20]}
24. Ra1 {[%clk 0:01:05]} Nxd3 25. Qxd3 {[%clk 0:01:05]} Re4 {[%clk 0:00:09]} 26.
Rac1 {[%clk 0:01:02]} Qf4 {[%clk 0:00:09]} 27. Qd1 {[%clk 0:00:50]} R4e7
{[%clk 0:00:04]} 28. Qh5 {[%clk 0:00:44]} Nf5 {[%clk 0:00:04]} 29. Nxf5
{[%clk 0:00:42]} Qxf5 {[%clk 0:00:05]} 30. Kg1 {[%clk 0:00:33]} Qxd5
{[%clk 0:00:06]} 31. Rxc7 {[%clk 0:00:32]} Re1 {[%clk 0:00:07]} 32. Rc1
{[%clk 0:00:27]} Rxc1 {[%clk 0:00:07]} 33. Rxc1 {[%clk 0:00:28]} Rd8
{[%clk 0:00:06]} 34. h4 {[%clk 0:00:22]} Qd2 {[%clk 0:00:06]} 35. Rf1
{[%clk 0:00:16]} gxh4 {[%clk 0:00:07]} 36. Qxh4 {[%clk 0:00:17]} Rf8
{[%clk 0:00:08]} 37. Qg3 {[%clk 0:00:15]} Qf4 {[%clk 0:00:08]} 38. Qxf4
{[%clk 0:00:14]} Rxf4 {[%clk 0:00:09]} 39. Rc1 {[%clk 0:00:13]} Rf6
{[%clk 0:00:11]} 40. f3 {[%clk 0:00:11]} Kh7 {[%clk 0:00:11]} 41. Kf2
{[%clk 0:00:13]} g5 {[%clk 0:00:12]} 42. Ke3 {[%clk 0:00:14]} Kg6
{[%clk 0:00:12]} 43. Rc5 {[%clk 0:00:14]} h5 {[%clk 0:00:13]} 44. Ke4
{[%clk 0:00:12]} Re6+ {[%clk 0:00:14]} 45. Re5 {[%clk 0:00:12]} Rd6
{[%clk 0:00:15]} 46. Rd5 Re6+ 47. Kd4 {[%clk 0:00:14]} Re2 {[%clk 0:00:17]} 48.
Rd6+ {[%clk 0:00:15]} Kf5 {[%clk 0:00:18]} 49. g4+ {[%clk 0:00:10]} hxg4
{[%clk 0:00:18]} 50. fxg4+ {[%clk 0:00:11]} Kxg4 {[%clk 0:00:19]} 51. Rxa6
{[%clk 0:00:12]} Rf2 {[%clk 0:00:14]} 52. Rd6 {[%clk 0:00:06]} Rf5
{[%clk 0:00:13]} 53. Ra6 {[%clk 0:00:05]} Kf4 {[%clk 0:00:14]} 54. a4
{[%clk 0:00:07]} bxa4 {[%clk 0:00:16]} 55. Rxa4 {[%clk 0:00:08]} g4
{[%clk 0:00:17]} 56. Ra1 {[%clk 0:00:09]} g3 {[%clk 0:00:17]} 57. Kc4
{[%clk 0:00:09]} g2 {[%clk 0:00:18]} 58. b5 {[%clk 0:00:09]} Kg3 {[%clk 0:00:19]}
59. Rg1 {[%clk 0:00:08]} Rf1 {[%clk 0:00:20]} 60. Rxg2+ {[%clk 0:00:08]} Kxg2
{[%clk 0:00:22]} 61. Kd5 {[%clk 0:00:07]} Kf3 {[%clk 0:00:22]} 62. b6
{[%clk 0:00:08]} Rb1 {[%clk 0:00:22]} 63. Kc6 {[%clk 0:00:09]} Ke4
{[%clk 0:00:24]} 64. b7 {[%clk 0:00:10]} Rxb7 {[%clk 0:00:24]} 1/2-1/2